00757 2200289 4500001002100000005001500021035002000036007000300056040001700059100003200076245004700108250001200155300002900167020002200196041000800218082000800226084001400234090002100248264003400269336002100303337003000324338002300354650001900377850001000396008004100406990002000447INLIS00000000000862820260518014019 a0010-1022000003ta aSBPUPADbind0 aShin Hyeng-CheolePengarang1 aWhy ? :bMengenal otak /cShin Hyeng-Cheol a.-cet.1 a158 hlm :bilus. ;c21cm a978-979-27-6302-707aind a813 a813 IWA w a618.2 LIN e 18-5 a.--Jakarta :bGramedia,c2009 2rdacontentateks 2rdamediaatanpa perantara 2rdacarrieravolume 4aBuku Anak Anak aPUPAD260518 1  a064/S/KAPD 2011